000 00492nam a2200193 4500
003 SEACOMEC
005 20240401131932.0
008 231004b |||||||| |||| 00| 0 eng d
020 _cRs. 195.00
040 _aSEACOMEC
082 _a005.133
_bK16
100 1 _aKantkar, Yashavant P.
245 1 _aLet Us C
_cYashavant P. Kantkar,
250 _b6th Ed
260 _aNew Delhi
_bBPB
_c2005
650 _aComputer Programming, Program, data
650 _aProgramming Language
942 _cBOOK
999 _c67
_d67